| 000 | 00480nam a22001817a 4500 | ||
|---|---|---|---|
| 003 | CEME | ||
| 005 | 20210628202401.0 | ||
| 008 | 210121b xxu||||| |||| 00| 0 eng d | ||
| 020 | _a81-239-0493-2 | ||
| 040 | _c. | ||
| 082 | _a515.33 PIS | ||
| 100 |
_aPiskunov ,N _959674 |
||
| 245 | _aDifferential and integral calculus vol ii | ||
| 260 |
_aNEW DELHI _bCBS PUBLISHER _c1996 |
||
| 300 | _a576 P | ||
| 650 |
_aDIFFERENTIAL CALCULUS.INTEGRAL CALCULUS _959675 |
||
| 942 |
_cBK _2ddc |
||
| 999 |
_c569595 _d569595 |
||